| 000 | 00516cam a2200193ua 4500 | ||
|---|---|---|---|
| 001 | 3148 | ||
| 008 | 110929n ii |||gr||||Z||||||asm | ||
| 020 | _a81-85905-49-5 | ||
| 040 | _cMAIN | ||
| 082 | _a891.4513 | ||
| 100 | 1 | _aGoswami, Mamoni Raison, | |
| 245 | 1 | 1 |
_aSanskar, udyabhanur charitta ityadee _cby Mamoni Raison Goswami |
| 250 | _a3rd. | ||
| 260 |
_aGuahati: _bStudents stores,993. |
||
| 300 |
_a263p: _c23cm. |
||
| 653 | _aAssamese novel | ||
| 653 | _aSanskar, udyabhanur charitta ityadee | ||
| 942 | _cBK | ||
| 999 |
_c2994 _d2994 |
||